000
00283nam a22001337a 4500
008
180316b xxu||||| |||| 00| 0 eng d
020
_a
9780521450935
041
_a
eng
080
_a
7
100
_a
44
101
_a
art
245
_a
german paintings
_c
hand.j.o
942
_2
udc
_c
BK
999
_c
45277
_d
45277